000 00469pam a2200157a 44500
008 230515b2018 xxu||||| |||| 00| 0 eng d
020 _a9789383864225
041 _aENGLISH
082 _a000
100 _aMINISTRY OF AYUSH
245 _aGERNERAL GUIDELINES FOR CLINICAL EVALUATION OF AYURVEDIC INTERVENTIONS
250 _aIII
260 _aNEWDELHI
_bNULL
_c2018
300 _a97
650 _aGERNERAL GUIDELINES FOR CLINICAL EVALUATION OF AYURVEDIC INTERVENTIONS
999 _c502255
_d502255